| 000 | 00502nam a2200181Ia 4500 | ||
|---|---|---|---|
| 003 | OSt | ||
| 005 | 20260327122440.0 | ||
| 008 | 211028s9999 xx 000 0 und d | ||
| 040 | _cAIMIT LIBRARY | ||
| 041 | _aeng | ||
| 082 | _a658.15 SOCR | ||
| 100 |
_aK Socrates;Kamath, T Ramesh. _g716081 _96268 |
||
| 245 | _aAn analysis of motivational factors of entrepreneurs in cosatal Karnataka / | ||
| 260 | _bKamath, T Ramesh | ||
| 600 |
_aFinance _96269 |
||
| 650 |
_aFinance _96270 |
||
| 942 |
_2ddc _cPRO |
||
| 999 |
_c218181 _d218181 |
||